Los imperativos de la vida colectiva / (Record no. 29262)

MARC details
000 -CABECERA
campo de control de longitud fija 00622nam a2200205 a 4500
005 - FECHA Y HORA DE LA ÚLTIMA TRANSACCIÓN
campo de control 20240925065121.0
008 - ELEMENTOS DE LONGITUD FIJA--INFORMACIÓN GENERAL
campo de control de longitud fija 991125s1975 mad 000 0 spa u
020 ## - NÚMERO INTERNACIONAL NORMALIZADO PARA LIBROS
Número Internacional Estándar del Libro 8424902987
035 ## - NÚMERO DE CONTROL DEL SISTEMA
Número de control de sistema UPN01000029262
049 ## - COLECCIÓN
Colección CG
050 #4 - SIGNATURA TOPOGRÁFICA DE LA BIBLIOTECA DEL CONGRESO
Número de clasificación HM251
Número de documento/Ítem P4.58
100 1# - ASIENTO PRINCIPAL--NOMBRE PERSONAL
Nombre de persona Peretti, André de,
Fechas asociadas al nombre 1916-
245 14 - MENCIÓN DE TÍTULO
Título Los imperativos de la vida colectiva /
Mención de responsabilidad, etc. André de Peretti ; tr. Margot Ruano.
260 ## - PUBLICACIÓN, DISTRIBUCIÓN, ETC.
Lugar de publicación, distribución, etc. Madrid :
Nombre del editor, distribuidor, etc. Marova,
Fecha de publicación, distribución, etc. 1975.
300 ## - DESCRIPCIÓN FÍSICA
Extensión 206 p.
440 #0 - MENCIÓN DE SERIE/ASIENTO SECUNDARIO--TÍTULO
Título Biblioteca Marova de estudios del hombre ;
Designación de volumen o secuencia 24
650 #4 - ASIENTO SECUNDARIO DE MATERIA - TERMINO TEMATICO
Término de materia o nombre geográfico como elemento de entrada Civilización moderna
Subdivisión cronológica 1950-
9 (RLIN) 10800
650 #4 - ASIENTO SECUNDARIO DE MATERIA - TERMINO TEMATICO
Término de materia o nombre geográfico como elemento de entrada Psicología social
9 (RLIN) 5889
905 ## - TIPO DE MATERIAL
Tipo de material Libro
Holdings
Estado de retiro Estado de pérdida Fuente del sistema de clasificación o colocación Estado dañado No para préstamo Código de colección Localización permanente Ubicación/localización actual Ubicación en estantería Total de préstamos Clasificación Código de barras Fecha visto por última vez Número de copia Tipo de ítem Koha
    Library of Congress Classification     Colección General Bib. Gregorio Torres Quintero Bib. Gregorio Torres Quintero Planta baja   HM251 P4.58 67791 31/12/2020 1 Libro